Daňová soustava od roku 1993 - Zákon o silniční dani.

Cieľom zavedenia cestnej dane (zákon č. 339 o cestnej dani) je zdanenie používania cestnej a diaľničnej siete tuzemskými a zahraničnými dopravcami. Takto získané finančné zdroje sa využijú na výstavbu a modernizáciu verejných pozemných komunikácií. Doteraz sa tieto náklady hradili zo štátneho rozpoč...

Descrizione completa

Salvato in:
Dettagli Bibliografici
Autore principale: Kunc, K.
Natura: Capitolo di libro
Lingua:ceco
Soggetti:
Tags: Aggiungi Tag
Nessun Tag, puoi essere il primo ad aggiungerne!!

MARC

LEADER 00000naa a2200000 4500
001 r011944
005 20220831094619.6
041 0 |a cze 
044 |a SK 
245 1 0 |a Daňová soustava od roku 1993 - Zákon o silniční dani.  |c K. Kunc 
520 |a Cieľom zavedenia cestnej dane (zákon č. 339 o cestnej dani) je zdanenie používania cestnej a diaľničnej siete tuzemskými a zahraničnými dopravcami. Takto získané finančné zdroje sa využijú na výstavbu a modernizáciu verejných pozemných komunikácií. Doteraz sa tieto náklady hradili zo štátneho rozpočtu. Daňový sadzobník. 
610 2 0 |a dane cestné 
610 2 0 |a zákony 
610 2 0 |a sadzby daňové 
610 2 0 |a 1993 
100 1 |a Kunc, K.